| 000 | 00595nam a2200181Ia 4500 | ||
|---|---|---|---|
| 008 | 090124s9999 xx 000 0 und d | ||
| 082 | _b17101 | ||
| 100 | _aआपटे हरि नारायण | ||
| 245 | _a समर्थ-शिष्य़ | ||
| 250 | _a3 | ||
| 260 |
_bवासुदेव रा.पेंडसे _c1946 |
||
| 300 | _a136 | ||
| 600 | _aआपटे हरि नारायण | ||
| 630 | _a समर्थ-शिष्य़ | ||
| 700 | _aआपटे हरि नारायण | ||
| 730 | _a समर्थ-शिष्य़ | ||
| 942 | _cBOOK | ||
| 999 |
_c89035 _d89035 |
||